| 000 | 00887cab a2200169 4500 | ||
|---|---|---|---|
| 001 | L130487 | ||
| 008 | 050804n2005 000 0 eng u | ||
| 035 | _a(Sirsi) u130487 | ||
| 041 | _aeng | ||
| 245 | _aLetting agent and landlord awareness of the Tenancy Deposit Scheme | ||
| 260 | _c2005 | ||
| 490 |
_aAgreement _v12(4) August 2005, 14-15(2) |
||
| 520 | _aReports on research released by the Dispute Service in July 2005 that indicates that only a small proportion of private sector landlords know anything about the Tenancy Deposit Scheme (TDS). Contains tables covering tenancies with disputed deductions, those that were satisfactorily resolved, letting agent and landlord awareness of TDSs. | ||
| 590 | _aIKA160802 | ||
| 690 | _aPROPERTY-RESIDENTIAL PROPERTY-LEASEHOLD RESIDENTIAL PROPERTY-RESIDENTIAL LANDLORD AND TENANT-RESIDENTIAL TENANCIES-ASSURED TENANCIES | ||
| 942 | _n0 | ||
| 999 |
_c75649 _d75649 |
||